| 000 | 00393nam a2200109Ia 4500 | ||
|---|---|---|---|
| 008 | 160909s9999 xx 000 0 und d | ||
| 100 | _aSayler, Andy | ||
| 245 | _aSecuring Secrets and Managing Trust in Modern Computing Applications | ||
| 260 |
_bUniversity of Colorado at Boulder. _c2016 |
||
| 650 | _aInformation Technology | ||
| 856 | _uhttp://pqdtopen.proquest.com/doc/1793670767.html?FMT=ABS | ||
| 999 |
_c303857 _d303857 |
||